00504 2200193 4500001002100000005001700021008004100038035002500079040001200104082001100116084002000127100001700147245003600164260004000200300003200240650001400272850001200286990001200298INLIS00000000000919120150807075656.0  a0010-081500000000629 aYOPDYOG a940.22 aRQ 940.22 Sim R aSimon, Edith aThe Reformationcby Edith Simon aNederlandbTime Internationalc1967 a191 hlm. :bilus. ;c30 cm. aReformasi aYOPDYOG a13802-b